Aldous Huxley, an annotated bibliography of criticism /

Saved in:
Bibliographic Details
Main Author: Bass, Eben E., 1924-
Format: Book
Language:English
Published: New York : Garland Pub., 1981.
Series:Garland reference library of the humanities ; v. 198
Subjects:
LEADER 01033nam a2200253 i 4500
001 c000045921
003 CARM
005 00000000000000.0
008 801003s1981 nyu b 00110 eng
019 1 |a 1819199  |z 40266209  |5 LACONCORD2021 
020 |a 0824095251 (alk. paper) :  |c $30.00 
035 |a (OCoLC)6890075  |5 LACONCORD2021 
050 0 0 |a Z8430.2  |b .B37 1981  |a PR6015.U9 
100 1 |a Bass, Eben E.,  |d 1924- 
245 1 0 |a Aldous Huxley, an annotated bibliography of criticism /  |c Eben E. Bass. 
260 |a New York :  |b Garland Pub.,  |c 1981. 
300 |a xxiii, 221 p. ;  |c 23 cm. 
490 0 |a Garland reference library of the humanities ; v. 198 
500 |a Includes indexes. 
600 1 0 |a Huxley, Aldous,  |d 1894-1963  |x Criticism and interpretation  |x Bibliography. 
852 8 |b CARM  |h A2:AE13B0  |i B00270  |p 0011300  |f BK 
082 0 4 |a 016.823/912  |2 19 
999 f f |i bb433498-b69a-5918-a621-80532df19733  |s d0d4440a-7df6-5e17-96ed-f62ec9edf444 
952 f f |p Can circulate  |a CAVAL  |b CAVAL  |c CAVAL  |d CARM 1 Store  |e B00270  |f A2:AE13B0  |h Other scheme  |i book  |m 0011300